Great Band Members - Statistics

General Stats
  • This quiz has been taken 33 times
    25 since last reset
  • The average score is 26 of 51
Answer Stats
Band Instrument Answer % Correct
Queen Vocals, Piano Freddie Mercury
96%
The Beatles Guitar, Vocals John Lennon
96%
The Rolling Stones (1965) Vocals Mick Jagger
96%
The Beatles Bass, Vocals Paul McCartney
96%
The Beatles Drums Ringo Starr
96%
Guns N' Roses (1987) Vocals Axl Rose
91%
Queen Guitar Brian May
91%
The Beatles Guitar George Harrison
91%
Black Sabbath (1968) Voice Ozzy Osbourne
87%
Led Zeppelin Vocals Robert Plant
87%
Led Zeppelin Guitar Jimmy Page
83%
The Rolling Stones (1965) Guitar Keith Richards
83%
Genesis (1970-1975) Drums Phil Collins
83%
Guns N' Roses (1987) Guitar Slash
78%
Pink Floyd (1968-1979) Bass Roger Waters
74%
The Rolling Stones (1965) Guitar Brian Jones
70%
Pink Floyd (1968-1979) Guitar David Gilmour
70%
Led Zeppelin Bass John Paul Jones
70%
The Who (1969) Guitar Pete Townshend
70%
Queen Drums Roger Taylor
70%
The Who (1969) Drums Keith Moon
65%
The Rolling Stones (1965) Drums Charlie Watts
61%
Led Zeppelin Drums John Bonham
61%
Queen Bass John Deacon
61%
Creedence Clearwater Revival Vocals, Guitar John Fogerty
57%
Genesis (1970-1975) Vocals Peter Gabriel
57%
The Who (1969) Vocals Roger Daltrey
57%
Pink Floyd (1968-1979) Keyboard Nick Mason
52%
Black Sabbath (1968) Guitar Tony Iommi
48%
The Who (1969) Bass John Entwistle
43%
Pink Floyd (1968-1979) Drums Richard Wright
39%
The Rolling Stones (1965) Bass Bill Wyman
35%
Black Sabbath (1968) Bass Geezer Butler
35%
Black Sabbath (1968) Drums Bill Ward
30%
Guns N' Roses (1987) Bass Duff McKagan
26%
Emerson, Lake & Palmer Guitar, Bass, Vocals Greg Lake
26%
Guns N' Roses (1987) Drums Steven Adler
26%
Emerson, Lake & Palmer Drums Carl Palmer
22%
Guns N' Roses (1987) Guitar Izzy Stradlin
22%
Yes (1971) Vocals Jon Anderson
22%
Emerson, Lake & Palmer Organ, Piano, Synth Keith Emerson
22%
Creedence Clearwater Revival Guitar Tom Fogerty
22%
Creedence Clearwater Revival Bass Stu Cook
13%
Yes (1971) Bass Chris Squire
9%
Creedence Clearwater Revival Drums Doug Clifford
9%
Genesis (1970-1975) Bass, Guitar Mike Rutherford
9%
Genesis (1970-1975) Guitar Steve Hackett
9%
Genesis (1970-1975) Keyboard Tony Banks
9%
Yes (1971) Keyboard Rick Wakeman
4%
Yes (1971) Drums Bill Bruford
0%
Yes (1971) Guitar Steve Howe
0%
No matching quizzes found
Score Distribution
Percent of People with Each Score
Percentile by Number Answered
Your Score History
You have not taken this quiz since the last reset